Arbeitswirtschaft Aufgabe innovativer Unternehmenspolitik

Gespeichert in:
Bibliographische Detailangaben
Weitere Verfasser: Jungbluth, Adolf, Lück, Grazyna, Schweres, Manfred
Format: Buch
Sprache:Deutsch
Veröffentlicht: Wiesbaden Gabler 1990
Ausgabe:1. Aufl.
Schlagworte:
Tags: Tag hinzufügen
Keine Tags, Fügen Sie das erste Tag hinzu!

MARC

LEADER 00000nam a2200000 4500
001 c000066
005 20221215125222.1
020 |a 3-409-13376-3 
041 0 |a ger 
044 |a DE 
245 1 0 |a Arbeitswirtschaft  |b Aufgabe innovativer Unternehmenspolitik  |c Edit. Adolf Jungbluth, Grazyna Lück, Manfred Schweres 
250 |a 1. Aufl. 
264 1 |a Wiesbaden  |b Gabler  |c 1990 
300 |a 208 s. 
610 2 0 |a politika podniková 
610 2 0 |a ekonomika práce 
610 2 0 |a práca personálna 
610 2 0 |a konflikty 
610 2 0 |a organizácia práce 
610 2 0 |a vzdelanie odborné 
700 1 |a Jungbluth, Adolf 
700 1 |a Lück, Grazyna 
700 1 |a Schweres, Manfred